000 01282cad a22002535a 4500
001 L153046
008 110526s2009 xxk f 000 0 eng d
020 _a9781934926260
035 _a(Sirsi) u153046
041 0 _aeng
110 0 _aMcGraw-Hill Construction
_95916
245 0 4 _aThe business value of BIM
_bgetting building information modeling to the bottom line
_h[electronic resource]
260 _aBedford, MA
_bMcGraw-Hill
_c2009
490 0 _aSmartMarket Report
520 _aExamines who is using business information modelling in North America, and where they are they getting real business value. Users of BIM in North America were asked about their actual business benefits and its impact, the vast majority are experiencing real business benefits directly attributable to BIM. Looks at the impact of BIM on productivity, the return on investment in BIM, project value of BIM, BIM and green building, all illustrated with case studies.
590 _aKA
650 2 4 _aBUILDING INFORMATION MODELLING
650 2 4 _aBIM
_96219
651 4 _aNorth America
690 _aBIM
_96219
710 1 _aAutodesk
856 4 0 _uhttps://bim.construction.com/research/pdfs/2009_BIM_SmartMarket_Report.pdf
_zView this item free of charge at bim.construction.com
942 _n0
999 _c112346
_d112346